Mevlâna / (Record no. 200429029)
[ view plain ]
| 000 -LEADER | |
|---|---|
| fixed length control field | 00927cam a2200325 i 4500 |
| 001 - CONTROL NUMBER | |
| control field | 200429029 |
| 003 - CONTROL NUMBER IDENTIFIER | |
| control field | TR-AnTOB |
| 005 - DATE AND TIME OF LATEST TRANSACTION | |
| control field | 20241230104323.0 |
| 007 - PHYSICAL DESCRIPTION FIXED FIELD--GENERAL INFORMATION | |
| fixed length control field | ta |
| 008 - FIXED-LENGTH DATA ELEMENTS--GENERAL INFORMATION | |
| fixed length control field | 150429m20171996tu 000 0 tur |
| 010 ## - LIBRARY OF CONGRESS CONTROL NUMBER | |
| LC control number | 2015377883 |
| 020 ## - INTERNATIONAL STANDARD BOOK NUMBER | |
| International Standard Book Number | 9789123441624 |
| 040 ## - CATALOGING SOURCE | |
| Original cataloging agency | DLC |
| Language of cataloging | eng |
| Description conventions | rda |
| Transcribing agency | DLC |
| Modifying agency | TR-AnTOB |
| 041 0# - LANGUAGE CODE | |
| Language code of text/sound track or separate title | Türkçe |
| 050 00 - LIBRARY OF CONGRESS CALL NUMBER | |
| Classification number | PL248 |
| 090 ## - LOCALLY ASSIGNED LC-TYPE CALL NUMBER (OCLC); LOCAL CALL NUMBER (RLIN) | |
| Classification number (OCLC) (R) ; Classification number, CALL (RLIN) (NR) | PL248.K265 |
| Local cutter number (OCLC) ; Book number/undivided call number, CALL (RLIN) | M48 2017 |
| 100 1# - MAIN ENTRY--PERSONAL NAME | |
| Personal name | Karakoç, Sezai, |
| Dates associated with a name | 1933-2021 |
| Relator term | author |
| 9 (RLIN) | 49121 |
| 245 10 - TITLE STATEMENT | |
| Title | Mevlâna / |
| Statement of responsibility, etc. | Sezai Karakoç. |
| 250 ## - EDITION STATEMENT | |
| Edition statement | 10. baskı |
| Remainder of edition statement | Ocak 2017 |
| 264 #1 - PRODUCTION, PUBLICATION, DISTRIBUTION, MANUFACTURE, AND COPYRIGHT NOTICE | |
| Place of production, publication, distribution, manufacture | İstanbul : |
| Name of producer, publisher, distributor, manufacturer | Diriliş, |
| Date of production, publication, distribution, manufacture, or copyright notice | 2014. |
| 300 ## - PHYSICAL DESCRIPTION | |
| Extent | 94 pages ; |
| Dimensions | 20 cm |
| 336 ## - CONTENT TYPE | |
| Content type term | text |
| Content type code | txt |
| Source | rdacontent |
| 337 ## - MEDIA TYPE | |
| Media type term | unmediated |
| Media type code | n |
| Source | rdamedia |
| 338 ## - CARRIER TYPE | |
| Carrier type term | volume |
| Carrier type code | nc |
| Source | rdacarrier |
| 490 0# - SERIES STATEMENT | |
| Series statement | Diriliş Yayınları ; |
| Volume/sequential designation | 47 |
| 546 ## - LANGUAGE NOTE | |
| Language note | In Turkish. |
| 600 00 - SUBJECT ADDED ENTRY--PERSONAL NAME | |
| Personal name | Jalāl al-Dīn Rūmī, |
| Titles and other words associated with a name | Maulana, |
| Dates associated with a name | 1207-1273 |
| 9 (RLIN) | 40720 |
| 942 ## - ADDED ENTRY ELEMENTS (KOHA) | |
| Source of classification or shelving scheme | Library of Congress Classification |
| Koha item type | Book |
| Withdrawn status | Lost status | Source of classification or shelving scheme | Damaged status | Not for loan | Collection code | Home library | Current library | Shelving location | Date acquired | Source of acquisition | Cost, normal purchase price | Inventory number | Total Checkouts | Full call number | Barcode | Date last seen | Copy number | Date shelved | Koha item type |
|---|---|---|---|---|---|---|---|---|---|---|---|---|---|---|---|---|---|---|---|
| Library of Congress Classification | Yeni / New | Ödünç Verilebilir / Available | Genel Koleksiyon | Merkez Kütüphane | Merkez Kütüphane | Genel Koleksiyon - CERN / Main Collection-CERN | 13/02/2018 | Satın Alma / Purchase | 8.15 | TDE | PL248.K265 M48 2017 | 0055911 | 28/02/2018 | 1 | 28/02/2018 | Book |
